El sentido de la historia : Ensayo filosófico sobre los destinos de la humanidad
Libro que tiene por tema principal la filosofía de la historia. Su abordaje nace con lo histórico en su esencia y lo que significa la tradición. Así pues, los problemas tratados se inscriben en un análisis filosófico sobre una gama de vías de indagación posible de la historia. A saber, la Historia D...
Na minha lista:
| Autor principal: | |
|---|---|
| Formato: | Livro |
| Idioma: | Undetermined |
| Publicado em: |
Santiago, Chile
Empresa Letras
1936
|
| Assuntos: | |
| Tags: |
Adicionar Tag
Sem tags, seja o primeiro a adicionar uma tag!
|
MARC
| LEADER | 00000nam a2200000Ia 4500 | ||
|---|---|---|---|
| 008 | 170316s9999 xx 000 0 und d | ||
| 040 | |a cru BVZT | ||
| 090 | |a 100 B-28s | ||
| 100 | |a Berdiaeff, Nicolás |9 1573 | ||
| 245 | |a El sentido de la historia : Ensayo filosófico sobre los destinos de la humanidad | ||
| 260 | |a Santiago, Chile |b Empresa Letras |c 1936 | ||
| 300 | |a 246 páginas | ||
| 520 | |a Libro que tiene por tema principal la filosofía de la historia. Su abordaje nace con lo histórico en su esencia y lo que significa la tradición. Así pues, los problemas tratados se inscriben en un análisis filosófico sobre una gama de vías de indagación posible de la historia. A saber, la Historia Divina, el destino del pueblo hebreo, la relación del Cristianismo con la historia, el renacimiento y el humanismo y la doctrina del progreso. | ||
| 650 | |a FILOSOFÍA |9 5 | ||
| 999 | |c 15686 |d 15686 | ||
| 942 | |c 15 D |h 100 B-28s |2 z | ||
